Významní finančníci českých dějin
Portrét dvoch významných finančníkov, ktorí ovplyvňovali tvár medzivojnovej ČSR a domácej meny, ministri financií - Alois Rašín a Karel Engliš.
Na minha lista:
| Formato: | Capítulo de Livro |
|---|---|
| Idioma: | tcheco |
| Assuntos: | |
| Tags: |
Sem tags, seja o primeiro a adicionar uma tag!
|
MARC
| LEADER | 00000naa$a2200000$$$4500 | ||
|---|---|---|---|
| 001 | 0027398 | ||
| 005 | 20231010083933.5 | ||
| 041 | 0 | |a cze | |
| 044 | |a CZ | ||
| 245 | 1 | 0 | |a Významní finančníci českých dějin |
| 520 | |a Portrét dvoch významných finančníkov, ktorí ovplyvňovali tvár medzivojnovej ČSR a domácej meny, ministri financií - Alois Rašín a Karel Engliš. | ||
| 610 | 2 | 0 | |a bankovníctvo |
| 610 | 2 | 0 | |a financie |
| 610 | 2 | 0 | |a osobnosť |
| 610 | 2 | 0 | |a Česko |
| 610 | 2 | 0 | |a Rašín, A. |
| 610 | 2 | 0 | |a Engliš, K. |